| 000 | 00645nam a22001817a 4500 | ||
|---|---|---|---|
| 090 | _c10313 | ||
| 008 | 081123t xxu||||| |||| 00| 0 eng d | ||
| 020 | _a9780137129713 (International ed. : pbk.) | ||
| 082 |
_222 _a339 _bFRO |
||
| 245 |
_aMacroeconomics : _b theories and policies / _cRichard T. Froyen. |
||
| 250 | _a9th ed. | ||
| 260 |
_aUpper Saddle River, N.J. : _b Pearson-Prentice Hall, _c2009 |
||
| 300 |
_axxii, 454 p. : _bill. ; _c 24 cm. |
||
| 500 | _aPrevious ed.: Upper Saddle River, N.J.: Prentice Hall, 2005. | ||
| 500 | _aIncludes bibliographical references and index. | ||
| 650 |
_91321 _aMacroeconomics |
||
| 942 |
_2ddc _cBB |
||
| 999 |
_c10313 _d10313 |
||